000 00268nam a2200109Ia 4500
008 200302s9999 xx 000 0 und d
100 _aChris Abel
245 _aArchitecture, Technology and Process
260 _bArchitectural Press Inc,
260 _c2004
300 _a268
999 _c3748
_d3748